Statystyki dla Youtuberzy z MC (Polska)

Kliknij tutaj aby rozwiązać quiz!

Ogólne statystyki

  • Ten quiz został rozwiązany 149 razy
  • Średni wynik to 3 z 7

Statystyki odpowiedzi

HintOdpowiedź% Poprawnych
Kiedyś mc był głównym contentem na jego
kanale. Dziś prowadzi serie:
-teleturniej o grach
-stone block II
-np. mieszkasz w Polsce, nazwij każdy powiat,
grasz w minecraft, nazwij każdy blok i item
Graf
73%
Ma 400.000 subów. Ma na imię Piotr. Oto
najpopularniesze serie na jego kanale:
-przeglądy:
~snapchotów
~pełnych aktualizacji
~nieoficjalnych wersji
-snapcraft:
~I
~II
~III
~IV
~V
~VI
~VII
-rzeczy które powinny być w mc
-rzadkie rzeczy w mc
-farmy które musisz mieć na swoim świecie
TIDZIMI
59%
Ma dużo sybskrypcji. Oto 2 najczęściej
oglądane serię na jego kanale:
-minecraft reddit
- Minecraft ekstremum
Doknes
48%
Ma ponad 1.000.000 subskrypcji.
Prowadził serię "Mea".
roxMB
48%
Nagrywa na angielskim youtubie, ale mówi się,
że jest najlepszym graczem mc.
Dream
46%
Nagrywa z osobą wymienioną powyżej.
nagrywa serię "Moby vs Budowla"
MWK
28%
Co prawda nie nagrywa minecraft'a choć
często w niego gra. Lubi oglądać schorts'y.
YoungPitosia
0%

Rozkład punktacji

Percentyl według liczby udzielonych odpowiedzi

Procent ludzi z każdym wynikiem

Twoja historia wyników

Nie rozwiązałeś tego quizu